Góry W Europie - Statystyki

Ogólne statystyki
  • Ten quiz został rozwiązany 555 razy
  • Średni wynik to 8 z 28
Statystyki odpowiedzi
Hint Odpowiedź % Poprawnych
Góry Alpy
94%
Góry Karpaty
87%
Góry Pireneje
76%
Góry Sudety
70%
Góry Ural
63%
Góry Apeniny
54%
Góry Skandynawskie
52%
Góry Kaukaz
43%
Góry Dynarskie
37%
Góry Betyckie
22%
Góry Harz
22%
Góry Ardeny
17%
Góry Kaledońskie
17%
Góry Wogezy
16%
Góry Rodopy
15%
Góry Iberyjskie
14%
Góry Rudawy
14%
Góry Bałkańskie
13%
Góry Jura
12%
Góry Schwarzwald
11%
Góry Grampiany
9%
Góry Pindos
6%
Góry Kastylijskie
5%
Góry Penińskie
5%
Góry Szumawa
5%
Góry Katalońskie
3%
Góry Kamberyjskie
2%
Góry Kantaberyjskie
1%
Nie znaleziono quizów pasujących do podanych kryteriów
Rozkład punktacji
Procent ludzi z każdym wynikiem
Percentyl według liczby udzielonych odpowiedzi
Twoja historia wyników
Nie rozwiązałeś tego quizu